Quiz sur le 3ème arrondissement de Lyon - Statistiques

Statistiques générales
  • Ce quiz a été pris 57 fois
  • Le résultat moyen est 5 sur 10
Statistiques - réponses
Hint Réponse % Correct
Deuxième quartier d'affaires de France, après la Défense Part-Dieu
98%
Gratte-ciel à la forme singulière définissant la Skyline de Lyon Tour Crayon
90%
Il s'agit de l'arrondissement le plus ______ de Lyon Peuplé
56%
Gratte-ciel accompagnant celui-ci depuis 2015 Tour Incity
56%
Vivre dans ce quartier résoudra (ou pas) tous vos problèmes Sans-Soucis
42%
Salle de spectacle et résidence de l'Orchestre national de Lyon Auditorium Maurice Ravel
40%
Ancienne commune dont faisait entièrement partie le 3ème arrondissement La Guillotière
38%
Situé à côté du fort Montluc, ce bâtiment a joué un rôle important durant la seconde guerre mondiale et est aujourd'hui un mémorial Prison de Montluc
37%
Bâtiment dans lequel siège le département du Rhône et qui donne son nom à un quartier Hôtel de préfecture
19%
Situé à Montchat, ce parc est un des sites écologiques de Lyon et accueille des jardins familiaux Parc Chambovet
13%
Aucun quiz correspondant
Distribution des résultats
% des personnes avec chaque résultat
Percentile par nombre de réponses
Votre historique - résultats
Vous n’avez pas pris ce quiz